header

Structural health monitoring with piezoelectric wafer active sensors (Record no. 224037)

MARC details
000 -LEADER
fixed length control field 01348nam a2200337 a 4500
082 04 - DEWEY DECIMAL CLASSIFICATION NUMBER
Classification number 624.1/71
100 1# - MAIN ENTRY--AUTHOR NAME
Personal name Giurgiutiu, Victor.
245 10 - TITLE STATEMENT
Title Structural health monitoring with piezoelectric wafer active sensors
260 ## - PUBLICATION, DISTRIBUTION, ETC. (IMPRINT)
Place of publication Amsterdam ;
-- Boston :
Name of publisher Academic Press,
Year of publication c2008.
300 ## - PHYSICAL DESCRIPTION
Number of Pages x, 747 p. :
Other physical details ill.
650 #0 - SUBJECT ADDED ENTRY--TOPICAL TERM
Topical Term Structural analysis (Engineering)
Topical Term Piezoelectric devices.
Topical Term Piezoelectric transducers.
Topical Term Automatic data collection systems.
856 40 - ELECTRONIC LOCATION AND ACCESS
Uniform Resource Identifier http://site.ebrary.com/lib/rucke/Doc?id=10203616

No items available.

© 2026 Rongo University
Contact us: librarian | system librarian | Rongo university